Geography Quiz

Random Geography or State Quiz

Nevada Letter Buddies Quiz Stats

 Plays Quiz not verified by Sporcle

Challenge
Share
Tweet
Embed
Score 0/12 Timer 04:00
0 Plays Today
Type State % Correct
Can you name …None
100%
Can you name …None
100%
any state with the …None
100%
Can you name …NE, NH, NJ, NM, NY, NC, ND
86.7%
Can you name …DE, GA, KY, NE, NH, NJ, NM, NY, PA, TN, TX, VT, WV
80%
any state with the …AL, AK, AZ, CA, FL, GA, IN, IA, LA, MN, MT, NE, NC, ND, OK, PA, SC, SD, VA, WV
76.7%
Can you name …AR, DE, HI, IA, OK, TX
73.3%
any state with the …CO, FL
70%
Can you name …AK, CO, DE, MD
66.7%
any state with the …AL, CO, DE, HI, ID, IN, LA, MD, MT, RI
66.7%
any state with the …MN, NJ, NM, TN
63.3%
any state with the …IN, KY, MN, TN
60%

You're not logged in!

Compare scores with friends on all Sporcle quizzes.
Join for Free
OR
Log In

You Might Also Like...

Show Comments

Extras

Top Quizzes Today


Score Distribution

Your Account Isn't Verified!

In order to create a playlist on Sporcle, you need to verify the email address you used during registration. Go to your Sporcle Settings to finish the process.

Report this User

Report this user for behavior that violates our Community Guidelines.

Details: